=LDR 00000nam 2200000 4500 =001 INLIS000000000009167 =005 20200217100523 =035 ##$$a 0010-061300000009167 =008 200217################g##########0#ind## =041 ##$$a Ind =082 ##$$a 070 =090 ##$$a 070, Ste-b =100 ##$$a Stein, M. L =245 1#$$a Bagaimana menjadi wartawan /$c M. L. Stein =260 ##$$a Jakarta :$b Rineka Cipta,$c 1993 =300 ##$$a vii, 93 hlm. ; $c 14 x 20 cm =650 #4$$a Wartawan =850 ##$$a NBPNMAT =020 ##$$a 979-518-360-5 =084 ##$$a 070 STE b =250 ##$$a Ed.2 =990 ##$$a 31.872/Pro-89 =990 ##$$a 120.025/Pro-97